ბათუმის შოთა რუსთაველის სახელმწიფო უნივერსიტეტის ბიბლიოთეკა

Задачник по начертательной геометрии. (ბიბ.ჩანაწერი № 39001)

000 -LEADER
fixed length control field 00782nam a2200217Ia 4500
001 - CONTROL NUMBER
control field 5476
003 - CONTROL NUMBER IDENTIFIER
control field GE_BSU
008 - FIXED-LENGTH DATA ELEMENTS--GENERAL INFORMATION
fixed length control field 181216s||||||||xx |||||||||||||| ||und||
040 ## - CATALOGING SOURCE
Transcribing agency GE_BSU
080 ## - UNIVERSAL DECIMAL CLASSIFICATION NUMBER
Universal Decimal Classification number 514.18(075.8)
100 ## - MAIN ENTRY--PERSONAL NAME
Personal name Засов В.Д. Иконникова А.Р. Крылов Н.Н.
245 ## - TITLE STATEMENT
Title Задачник по начертательной геометрии.
245 ## - TITLE STATEMENT
Remainder of title Изд. 3-ЬЕ, перер. и доп. учеб пособие для строительных спец. вузов.
245 ## - TITLE STATEMENT
Statement of responsibility, etc. Под ред. Н.Н. Крылова.
260 ## - PUBLICATION, DISTRIBUTION, ETC.
Place of publication, distribution, etc. Москва
260 ## - PUBLICATION, DISTRIBUTION, ETC.
Name of publisher, distributor, etc. Высшая школа
260 ## - PUBLICATION, DISTRIBUTION, ETC.
Date of publication, distribution, etc. 1984
300 ## - PHYSICAL DESCRIPTION
Extent 191 с. 20 см.
653 ## - INDEX TERM--UNCONTROLLED
Uncontrolled term Задачник по начертательной геометрии.
942 ## - ADDED ENTRY ELEMENTS (KOHA)
Koha item type წიგნი
ეგზემპლარები
Withdrawn status Lost status Damaged status Not for loan Date acquired Barcode Date last seen Price effective from Koha item type Public note
        2018-12-17 16251 2018-12-17 2018-12-17 წიგნი დარბაზი
        2018-12-17 16252 2018-12-17 2018-12-17 წიგნი დარბაზი